000 00807nas a2200265 4500
001 BR2011000632
003 BR-BrBNA
005 20231205114423.0
007 ta
008 230509b bl.|||p| |||| 00| 00por d
040 _aBR-BrBNA
_bpor
_cBiblioteca Nacional de Agricultura
041 _a(En)
072 _aH20
100 1 _aPereira, J.
100 1 _aBezerra, J.L.
100 1 _aDrechsler-Santos, E.R.
100 1 _aMaia, L.C.
245 1 _aFirst report of Phyllachora serjaniicola causing tar-spot on Cardiospermum grandiflorum
650 _aSAPINDACEAE
650 _aFUNGO
650 _aIDENTIFICAÇÃO
773 0 _tTropical Plant Pathology (Brazil)
_xISSN 1982-5676
_g(Jul-Aug 2010), v. 35(4) p. 245-247
_wBR2011000632
909 _a202311
_bLúcia
_c55
_dLúcia Elande
942 _2AGRIS
_n0
_cANA
999 _c208687
_d208687